00660nam a2200193Ia 4500001000600000003000500006008004100011010001100052040000900063100002700072245013000099260004100229300000900270440000500279502008000284503000500364650007600369650002100445Z_593CHAP220113s1969 xx 000 0 und d a163703 cCHAP aPérez Pérez, Jorge aUtilización de la harina de pluma como fuente de proteína en dietas para gallinas ponedoras /cpor Jorge Pérez Camargo aChapingo, Méx. :bEl autor,c1969 a35 h a aTesis (Ing. Agrónomo Esp. en Zootecnia) -- ENA. Departamento de Zootecnia a aAves de corralxAlimentación I. ENA. Departamento de Zootecnia II. t. aHarina de pluma